000 00598nam a2200205 a 4500
005 20140310183146.0
008 020823s19uu xx 00 eng d
020 _a9812141243
050 _aT 385
_b.W593 1999
100 _aWitherspoon, Coletta
245 _aPowerpoint 2000 :
_bfast & easy /
_cColetta Witherspoon.
300 _a371 p. :
_bill. ;
_c25 cm.
521 _aIT
546 _aC0303
650 _aMicrosoft power point ( computer file )
650 _aComputer graphics
650 _aBusiness presentation
_xgraphics
650 _aMethods
_xcomputer program
942 _cBK
_2lcc
_kFOR
999 _c19526
_d19526